A sweet surprise / (Record no. 2866)

MARC details
000 -LEADER
fixed length control field 00980cam a2200289 a 4500
005 - DATE AND TIME OF LATEST TRANSACTION
control field 20240118154627.0
020 ## - INTERNATIONAL STANDARD BOOK NUMBER
International Standard Book Number 9780194309332
040 ## - CATALOGING SOURCE
Original cataloging agency DLC
Transcribing agency DLC
Modifying agency DLC
Language of cataloging eng
050 00 - LIBRARY OF CONGRESS CALL NUMBER
Classification number PE1128.S73447
082 00 - DEWEY DECIMAL CLASSIFICATION NUMBER
Classification number 428.6
100 1# - MAIN ENTRY--PERSONAL NAME
Personal name Stamper, Judith Bauer
245 12 - TITLE STATEMENT
Title A sweet surprise /
Statement of responsibility, etc. by Judith Bauer Stamper ; illustrated by Sally Springer
250 ## - EDITION STATEMENT
Edition statement Printed in Hong Kong
260 ## - PUBLICATION, DISTRIBUTION, ETC.
Place of publication, distribution, etc. New York :
Name of publisher, distributor, etc. Oxford University Press,
Date of publication, distribution, etc. 2005
300 ## - PHYSICAL DESCRIPTION
Extent 14 pages :
Other physical details color illustrations ;
Dimensions 25 cm.
490 ## - SERIES STATEMENT
Series statement Kids Readers
505 ## - FORMATTED CONTENTS NOTE
Formatted contents note D <br/>
520 ## - SUMMARY, ETC.
Summary, etc. Stories based on The Oxford Picture Dictionary for Kids enhance children's vocabulary and reading skills.
521 ## - TARGET AUDIENCE NOTE
Target audience note 170 <br/>
Source Lexile <br/>
521 ## - TARGET AUDIENCE NOTE
Target audience note D <br/>
Source Raz-Plus <br/>
650 #0 - SUBJECT ADDED ENTRY--TOPICAL TERM
Topical term or geographic name entry element English language
Form subdivision Textbooks for foreign speakers
-- Juvenile literature.
650 #0 - SUBJECT ADDED ENTRY--TOPICAL TERM
Topical term or geographic name entry element Readers (Primary)
700 1# - ADDED ENTRY--PERSONAL NAME
Personal name Springer, Sally
906 ## - LOCAL DATA ELEMENT F, LDF (RLIN)
a 7
b cbc
c orignew
d 1
e ocip
f 20
g y-gencatlg
942 ## - ADDED ENTRY ELEMENTS (KOHA)
Source of classification or shelving scheme Dewey Decimal Classification
Koha item type Books
Suppress in OPAC No
999 ## -
-- 2866
-- 2866
Holdings
Withdrawn status Lost status Source of classification or shelving scheme Damaged status Not for loan Collection Home library Current library Shelving location Date acquired Total Checkouts Full call number Barcode Date last seen Date last checked out Price effective from Koha item type
    Dewey Decimal Classification     Juvenile Fiction Footprints International School Library Network Toul Kork Campus Footprints International School Library Network Toul Kork Campus   01/18/2024 1 STA 428.6 PE1128.S73447 FISTKG2A080 03/05/2024 01/29/2024 01/18/2024 Books